000 00367nam a2200157Ia 4500
003 OSt
005 20240105151438.0
008 170523s9999 xx 000 0 und d
020 _a9780070221796
040 _ciimt university meerut
100 _aHISRICH- ROBERT D
245 0 _aINTERNATIONAL BUSINESS
260 _bMC GRAW HILL
260 _c2002
942 _2ddc
_c02
999 _c1074
_d1074